Prénoms de 1921 et prénoms de 2021 - Statistiques

Statistiques générales
  • Ce quiz a été pris 153 fois
  • Le résultat moyen est 31 sur 60
Statistiques - réponses
En 1921 Rang En 2021 % Correct
Garçon En 1921 Jean 1 En 2021 Gabriel
97%
Garçon En 1921 Louis 7 En 2021 Maël
91%
Fille En 1921 Marie 1 En 2021 Jade
89%
Garçon En 1921 Paul 12 En 2021 Gabin
87%
Fille En 1921 Jeanne 2 En 2021 Louise
85%
Garçon En 1921 Pierre 3 En 2021 Raphaël
82%
Fille En 1921 Louise 19 En 2021 Nina
81%
Garçon En 1921 Michel 24 En 2021 Tom
72%
Garçon En 1921 René 4 En 2021 Louis
68%
Garçon En 1921 Charles 18 En 2021 Paul
66%
Garçon En 1921 Jacques 15 En 2021 Aaron
66%
Fille En 1921 Alice 27 En 2021 Mila
65%
Garçon En 1921 André 2 En 2021 Léo
65%
Garçon En 1921 François 20 En 2021 Noé
65%
Garçon En 1921 Gabriel 29 En 2021 Nino
65%
Garçon En 1921 Georges 9 En 2021 Adam
63%
Garçon En 1921 Henri 10 En 2021 Lucas
60%
Garçon En 1921 Léon 23 En 2021 Ethan
59%
Fille En 1921 Anne 24 En 2021 Léonie
57%
Garçon En 1921 Bernard 27 En 2021 Théo
55%
Fille En 1921 Renée 8 En 2021 Alba
55%
Garçon En 1921 Marcel 5 En 2021 Arthur
54%
Fille En 1921 Andrée 13 En 2021 Julia
53%
Fille En 1921 Paulette 6 En 2021 Rose
53%
Garçon En 1921 Robert 8 En 2021 Noah
52%
Garçon En 1921 Yves 30 En 2021 Marceau
51%
Fille En 1921 Yvette 21 En 2021 Inaya
51%
Garçon En 1921 Lucien 16 En 2021 Léon
50%
Garçon En 1921 Maurice 11 En 2021 Hugo
50%
Garçon En 1921 Raymond 14 En 2021 Sacha
50%
Garçon En 1921 Albert 17 En 2021 Isaac
49%
Garçon En 1921 Joseph 13 En 2021 Liam
48%
Fille En 1921 Jacqueline 15 En 2021 Lena
47%
Garçon En 1921 Roger 6 En 2021 Jules
47%
Fille En 1921 Henriette 23 En 2021 Jeanne
46%
Fille En 1921 Madeleine 3 En 2021 Emma
46%
Fille En 1921 Denise 11 En 2021 Lina
45%
Fille En 1921 Simonne 20 En 2021 Juliette
44%
Fille En 1921 Georgette 18 En 2021 Iris
43%
Garçon En 1921 Guy 28 En 2021 Marius
43%
Fille En 1921 Lucienne 14 En 2021 Chloé
43%
Fille En 1921 Simone 10 En 2021 Mia
43%
Garçon En 1921 Fernand 21 En 2021 Eden
42%
Fille En 1921 Raymonde 17 En 2021 Agathe
41%
Fille En 1921 Marcelle 7 En 2021 Anna
40%
Fille En 1921 Yvonne 5 En 2021 Alice
40%
Garçon En 1921 Emile 19 En 2021 Nathan
39%
Fille En 1921 Germaine 16 En 2021 Léa
39%
Fille En 1921 Marguerite 9 En 2021 Romy
39%
Fille En 1921 Suzanne 4 En 2021 Ambre
39%
Fille En 1921 Hélène 22 En 2021 Zié
38%
Fille En 1921 Fernande 28 En 2021 Luna
36%
Fille En 1921 Odette 12 En 2021 Lou
36%
Fille En 1921 Jeannine 29 En 2021 Adèle
34%
Garçon En 1921 Gilbert 26 En 2021 Naël
33%
Fille En 1921 Gisèle 30 En 2021 Victoire
31%
Garçon En 1921 Gaston 25 En 2021 Malo
27%
Fille En 1921 Marthe 26 En 2021 Eva
26%
Garçon En 1921 Eugène 22 En 2021 Mohamed
24%
Fille En 1921 Geneviève 25 En 2021 Charlie
20%
Aucun quiz correspondant
Distribution des résultats
% des personnes avec chaque résultat
Percentile par nombre de réponses
Votre historique - résultats
Vous n’avez pas pris ce quiz